|
|
|
|
| LEADER |
00000nam a22000007a 4500 |
| 005 |
20201030113912.0 |
| 007 |
cr|||| |||| |
| 008 |
201030c19959999co fr|w s|||| 0|||b1spa d |
| 022 |
|
|
|a 1657-7558
|
| 035 |
|
|
|a 31588
|
| 040 |
|
|
|a vLex
|
| 090 |
|
|
|c 10820
|d 10820
|
| 245 |
0 |
0 |
|a Revista Oasis
|h [Recurso electrn̤ico] /
|
| 256 |
|
|
|a Servicio en ln̕ea
|
| 260 |
|
|
|a Bogot:̀
|b Universidad Externado de Colombia,
|c 1995 -
|
| 300 |
|
|
|a 1 recurso electrn̤ico
|
| 310 |
|
|
|a Semestral
|
| 362 |
|
|
|a Nð 1 (Ene. 1995) -
|
| 506 |
1 |
|
|a Disponible solo en los productos indicados
|d vLex Global
|d vLex Global (Academic Edition, excluding Law Schools)
|d vLex Global (U.S. Academic Edition, Law Schools)
|d vLex Global (U.S. Academic Edition, excluding Law Schools)
|d vLex Global (Academic Edition, Law Schools)
|
| 650 |
0 |
4 |
|a Derecho Internacional
|z Colombia
|
| 650 |
0 |
4 |
|a Ciencias sociales
|z Colombia
|
| 740 |
0 |
|
|a vLex Revistas (Servicio en ln̕ea)
|
| 856 |
4 |
0 |
|u http://vlex.com/source/revista-oasis-31588
|z Acceso restringido
|
| 942 |
|
|
|c REV
|
| 999 |
0 |
|
|a International Law
|
| 999 |
0 |
|
|a Social Sciences
|